<?xml version="1.0" encoding="UTF-8"?>
<record
    xmlns:xsi="http://www.w3.org/2001/XMLSchema-instance"
    xsi:schemaLocation="http://www.loc.gov/MARC21/slim http://www.loc.gov/standards/marcxml/schema/MARC21slim.xsd"
    xmlns="http://www.loc.gov/MARC21/slim">

  <leader>00610nam a2200193 a 4500</leader>
  <controlfield tag="001">BRCA_3814</controlfield>
  <controlfield tag="005">20190320204432.0</controlfield>
  <controlfield tag="008">271109s2006----it-a######---#000-0#fre-#</controlfield>
  <datafield tag="020" ind1=" " ind2=" ">
    <subfield code="a">2901422853</subfield>
  </datafield>
  <datafield tag="041" ind1=" " ind2=" ">
    <subfield code="a">fre</subfield>
  </datafield>
  <datafield tag="044" ind1=" " ind2=" ">
    <subfield code="a">ita</subfield>
  </datafield>
  <datafield tag="050" ind1=" " ind2="4">
    <subfield code="a">N576.F7</subfield>
    <subfield code="b">.G85 2006</subfield>
  </datafield>
  <datafield tag="245" ind1="1" ind2="0">
    <subfield code="a">Guide du Mus&#xE9;e des Arts D&#xE9;coratifs.</subfield>
  </datafield>
  <datafield tag="260" ind1=" " ind2=" ">
    <subfield code="a">Italia</subfield>
    <subfield code="b">Les Arts D&#xE9;coratifs</subfield>
    <subfield code="c">2006</subfield>
  </datafield>
  <datafield tag="300" ind1=" " ind2=" ">
    <subfield code="a">224 p.</subfield>
    <subfield code="b">il. a color</subfield>
    <subfield code="c">25 cm.</subfield>
    <subfield code="b">Mus&#xE9;e des Arts D&#xE9;coratifs (Par&#xED;s)</subfield>
    <subfield code="v">Gu&#xED;as</subfield>
    <subfield code="x">Colecciones de arte</subfield>
  </datafield>
  <datafield tag="650" ind1="1" ind2="4">
    <subfield code="a">Museo de artes decorativas</subfield>
    <subfield code="v">Gu&#xED;as</subfield>
    <subfield code="z">Francia</subfield>
    <subfield code="9">9940</subfield>
  </datafield>
  <datafield tag="650" ind1="1" ind2="4">
    <subfield code="a">Museos de arte</subfield>
    <subfield code="z">Francia</subfield>
    <subfield code="9">9941</subfield>
  </datafield>
  <datafield tag="942" ind1=" " ind2=" ">
    <subfield code="2">lcc</subfield>
    <subfield code="c">B</subfield>
  </datafield>
  <datafield tag="999" ind1=" " ind2=" ">
    <subfield code="c">3543</subfield>
    <subfield code="d">3543</subfield>
  </datafield>
  <datafield tag="952" ind1=" " ind2=" ">
    <subfield code="0">0</subfield>
    <subfield code="1">0</subfield>
    <subfield code="4">0</subfield>
    <subfield code="7">0</subfield>
    <subfield code="a">BRCA</subfield>
    <subfield code="b">BRCA</subfield>
    <subfield code="d">2009-11-27</subfield>
    <subfield code="l">0</subfield>
    <subfield code="o">N576.F7 .G85 2006</subfield>
    <subfield code="p">01054</subfield>
    <subfield code="r">2019-03-22 00:00:00</subfield>
    <subfield code="w">2019-03-22</subfield>
    <subfield code="y">B</subfield>
  </datafield>
</record>
